Obálka Náhled e-knihy:
PDF Epub
Pro půjčování e-knih musíte být přihlášeni.
Jak si půjčit online?

Deník malého poseroutky 13 – Radosti zimy /

Třinácté dobrodružství malého poseroutky. Sněží a nelítostné koulovačky začínají! Když Gregovu školu zasypou hromady sněhu, promění se čtvrť Heffleyových v jedno velké zimní bojiště. Nepřátelské skupiny soupeří o území, staví obrovské sněhové pevnosti a válčí v mnoha nezapomenutelných koulovačkách....

Celý popis

Uloženo v:
Série:Deník malého poseroutky, část 13
Hlavní autor: Kinney, Jeff (Autor)
Médium: E-kniha
Jazyk:Czech
Vydáno: Praha : Albatros Media a.s., 2018
Příbuzné jednotky:Z cyklu:: Deník malého poseroutky
Tagy:
Žádné tagy
LEADER 01663nam a22002417i 4500
001 310979
007 ta
008 260601s2018 xr ||||| |||| 00| 0 cze d
020 |a 9788075446695 
044 |a xr 
100 1 |a  Kinney, Jeff  |4 aut 
245 1 0 |a Deník malého poseroutky 13 – Radosti zimy /  |c  Kinney, Jeff 
240 1 0 |a Diary of a Wimpy Kid: The Meltdown 
264 1 |a Praha :  |b Albatros Media a.s.,  |c 2018 
300 |a 1 online zdroj (224 stran) 
336 |a text  |b txt  |2 rdacontent 
337 |a bez média  |b n  |2 rdamedia 
338 |a online zdroj  |b cr  |2 rdacarrier 
520 2 |a Třinácté dobrodružství malého poseroutky. Sněží a nelítostné koulovačky začínají! Když Gregovu školu zasypou hromady sněhu, promění se čtvrť Heffleyových v jedno velké zimní bojiště. Nepřátelské skupiny soupeří o území, staví obrovské sněhové pevnosti a válčí v mnoha nezapomenutelných koulovačkách. V nastalém zmatku čeká Grega a jeho nejlepšího kamaráda Rowleyho Jeffersona boj o život. Dokážou navázat důležitá spojenectví a vyhnout se zradám? A co až sníh roztaje? Stanou se z nich hrdinové? 
787 0 8 |g 13  |i Z cyklu:  |t Deník malého poseroutky 
910 |a RBIT002 
998 |d 180174  |a https://core.palmknihy.cz/api/books/180174/cover?tf1sr4  |b https://core.palmknihy.cz/api/books/180174/cover/400?tf1sr4  |c https://core.palmknihy.cz/api/books/180174/cover/50?tf1sr4  |e 2028-11-25  |g 224  |i 9788075446695  |j https://core.palmknihy.cz/api/books/180174/preview.epub  |k https://core.palmknihy.cz/api/books/180174/preview.pdf  |l   |q 49  |r 1  |s https://www.palmknihy.cz/kniha/180174  |t ebook  |y 2018  |z 1  |v Deník malého poseroutky  |w 13 
999 |d 310977